| 000 | 00330nam a2200133Ia 4500 | ||
|---|---|---|---|
| 005 | 20260326235457.0 | ||
| 008 | 260326s9999||||xx |||||||||||||| ||und|| | ||
| 100 | _aLucchese, Francesco | ||
| 245 | 0 |
_aL' sensi dell' acqua / _cFrancesco Lucchese |
|
| 260 | _bBE-MA | ||
| 300 | _a137 p. | ||
| 650 | _aDISEÑO INDUSTRIAL | ||
| 942 | _cBK | ||
| 999 |
_c7968 _d7968 |
||